000 00591nas a22001937i 4500
001 5760
003 OSt
005 20170126082349.0
007 tu
008 161220s xxu||||| |||| 00| 0 d
022 _a0147-5967
024 7 _a5760
_2RID
024 7 _a5760
_2RSN (alt)
040 _cOSt
245 0 0 _aJournal of Comparative Economics
_bThe Journal of the Association for Comparative Economic Studies
260 _aAmsterdam :
_bElsevier.
110 2 _aAssociation for Comparative Economic Studies
866 0 _u1977 1 - 1993 17/1, 1996 22/1 - 1999 27/4, 2002 30/1 - 2009 37/4, 2010 38/2 - 2011
942 _cJ
999 _c5501
_d5501